Music Quiz

Random Music or Rock Quiz
Score 0/16 Timer 06:00
3 Plays Today
% Correct
Eagles
93.9%
The Police
90.2%
The Black Eyed Peas
86.5%
Oasis
83.5%
The Doors
82.7%
Train
75.9%
The Cranberries
75%
Heart
73.4%
% Correct
Blur
68%
U2
66.7%
Scorpions
63.8%
Iron Maiden
63.1%
Garbage
60.4%
Cake
57.6%
Black Flag
55%
Bush
54.4%
Remove Ads.
Support Sporcle.
Get the best of Sporcle when you Go Orange. This ad-free experience offers more features, more stats, and more fun while also helping to support Sporcle. Thank you for becoming a member.

You're not logged in!

Compare scores with friends on all Sporcle quizzes.
OR
Log In

Show Comments

Extras

Top Quizzes Today


Score Distribution

Your Account Isn't Verified!

In order to create a playlist on Sporcle, you need to verify the email address you used during registration. Go to your Sporcle Settings to finish the process.

Report this User

Report this user for behavior that violates our Community Guidelines.

Details: